MARC Record
Leader
003
BE-GnUNI
007
't'u
035
a| (MSK)310034153
084
a| documentatiecentrum
245
0
0
a| Gisèle d'Ailly van Waterschoot van der Gracht.
500
a| Documentatiemap
600
1
7
a| d'Ailly van Waterschoot van der Gracht, Gisèle.
2| z
852
4
b| MSK
c| MSK
j| documentatiecentrum
920
a| boek
001
000033685
005
20241224121649.0